[Event "ROM-chT"]
[Site "Eforie Nord"]
[Date "2002.??.??"]
[Round "3"]
[White "Badut, Ana Maria"]
[Black "Miron, Oana"]
[Result "1-0"]
[WhiteElo "2081"]
[BlackElo "2117"]
[PlyCount "80"]
[EventDate "2002.??.??"]
[EventType "team"]
[EventRounds "5"]
[EventCountry "ROU"]
[SourceTitle "EXT 2003"]
[Source "ChessBase"]
[SourceDate "2002.11.25"]
[SourceVersion "1"]
[SourceVersionDate "2002.11.25"]
[SourceQuality "1"]

1. e4 e6 2. d4 d5 3. Nd2 Nf6 4. Bd3 c5 5. e5 Nfd7 6. c3 Nc6 7. Ne2 cxd4 8. cxd4 Nb6 9. 0-0 Bd7 10. f4 g6 11. b3 Nb4 12. Bb1 Bb5 13. Rf3 Bxe2 14. Qxe2 Rc8 15. Qd1 h5 16. Rh3 Nd7 17. a3 Nc6 18. Nf3 Qb6 19. Be3 Na5 20. Bc2 Be7 21. g4 h4 22. g5 Rc6 23. Ra2 Qc7 24. Qd2 b5 25. Bd1 Rc3 26. b4 Nb7 27. Rc2 Rc4 28. Qd3 Nb6 29. Nd2 Rxc2 30. Bxc2 Nc4 31. Bb1 Kd7 32. Bf2 a6 33. Bxh4 Nb2 34. Qf1 Qc6 35. Nb3 Qc4 36. Qf2 Nd1 37. Qd2 Rxh4 38. Rxh4 Qxb3 39. Bc2 Qc4 40. Qxd1 Qc3 1-0

[Event "ROM-ch U20 Girls"]
[Site "Baile Tusnad"]
[Date "2000.05.08"]
[Round "6"]
[White "Tutulan, Mihaela"]
[Black "Badut, Ana Maria"]
[Result "0-1"]
[WhiteElo "2024"]
[BlackElo "1600"]
[PlyCount "98"]
[EventDate "2000.05.??"]
[EventType "swiss"]
[EventRounds "9"]
[EventCountry "ROU"]
[SourceTitle "EXT 2004"]
[Source "ChessBase"]
[SourceDate "2003.11.25"]
[SourceVersion "1"]
[SourceVersionDate "2003.11.25"]
[SourceQuality "1"]

1. d4 d5 2. c4 c6 3. Nf3 Nf6 4. Qc2 e6 5. Bg5 Nbd7 6. e3 Qa5+ 7. Nbd2 Ne4 8. cxd5 exd5 9. Bd3 Ndf6 10. 0-0 Nxg5 11. Nxg5 h6 12. Ngf3 Bd6 13. a3 0-0 14. b4 Qc7 15. Rfc1 Qe7 16. h3 a5 17. bxa5 Bxa3 18. Rcb1 Rxa5 19. Nb3 Ra7 20. Nc5 Nd7 21. Nxd7 Bxd7 22. Ne5 Be6 23. f4 Rfa8 24. Bh7+ Kf8 25. f5 Bc8 26. Rb3 Bd6 27. Rxa7 Rxa7 28. f6 Qxf6 29. Rb1 Bxe5 30. Qc5+ Bd6 31. Qxa7 g6 32. Qa8 Qe6 33. Re1 Kg7 34. Bxg6 fxg6 35. Qa1 Bg3 36. Re2 Qe4 37. Qf1 b6 38. Qc1 Ba6 39. Ra2 Bc4 40. Ra7+ Kf6 41. Ra8 h5 42. Rf8+ Kg7 43. Rf3 h4 44. Qa1 Be2 45. Qa7+ Kh6 46. Qf7 Qb1+ 47. Rf1 Qxf1+ 48. Qxf1 Bxf1 49. Kxf1 b5 0-1

[Event "ROM-ch U20 Girls"]
[Site "Baile Tusnad"]
[Date "2000.05.04"]
[Round "2"]
[White "Miron, Oana"]
[Black "Badut, Ana Maria"]
[Result "1/2-1/2"]
[WhiteElo "2030"]
[BlackElo "1600"]
[PlyCount "49"]
[EventDate "2000.05.??"]
[EventType "swiss"]
[EventRounds "9"]
[EventCountry "ROU"]
[SourceTitle "EXT 2004"]
[Source "ChessBase"]
[SourceDate "2003.11.25"]
[SourceVersion "1"]
[SourceVersionDate "2003.11.25"]
[SourceQuality "1"]

1. f4 d5 2. Nf3 Nf6 3. g3 g6 4. Bg2 Bg7 5. d3 c5 6. 0-0 0-0 7. c3 d4 8. Qe1 Nc6 9. Na3 Nd5 10. Bd2 e5 11. Nxe5 Nxe5 12. fxe5 Bxe5 13. Nc2 Bf5 14. Bxd5 Qxd5 15. e4 dxe3 16. Nxe3 Qe6 17. Nxf5 gxf5 18. Qf2 Rad8 19. Qxf5 Qxf5 20. Rxf5 Rxd3 21. Bh6 Re8 22. Re1 f6 23. Kf2 Red8 24. Kg2 Kf7 25. Rf3 1/2-1/2

[Event "ROM-ch sf (Women)"]
[Site "Baile Tusnad"]
[Date "1999.??.??"]
[Round "1"]
[White "Badut, Ana Maria"]
[Black "Sandu, Mihaela"]
[Result "0-1"]
[WhiteElo "2015"]
[BlackElo "2134"]
[PlyCount "88"]
[EventDate "1999.09.??"]
[EventType "swiss"]
[EventRounds "9"]
[EventCountry "ROU"]
[SourceTitle "EXT 2000"]
[Source "ChessBase"]
[SourceDate "1999.11.16"]
[SourceVersion "1"]
[SourceVersionDate "1999.11.16"]
[SourceQuality "1"]

1. e4 c5 2. Nc3 Nc6 3. Nge2 e6 4. d4 cxd4 5. Nxd4 Nf6 6. Be3 Bb4 7. Bd3 d5 8. Nxc6 bxc6 9. exd5 Nxd5 10. Bd2 0-0 11. 0-0 Nxc3 12. bxc3 Be7 13. Be4 Ba6 14. Re1 Qc7 15. Qh5 g6 16. Qf3 Rac8 17. Bf4 e5 18. Bf5 exf4 19. Bxc8 Bxc8 20. Rad1 Be6 21. Qe4 Bf6 22. c4 Bf5 23. Qe2 Bc3 24. Rf1 h5 25. h3 Qe5 26. Qxe5 Bxe5 27. Rfe1 f6 28. Re2 f3 29. Red2 fxg2 30. Kxg2 g5 31. Rb1 g4 32. h4 Be6 33. Rb7 Rf7 34. Rd8+ Kg7 35. Rb4 c5 36. Rb5 Bxc4 37. Rxc5 Bxa2 38. Rcc8 Rb7 39. c4 Bb1 40. Rg8+ Kf7 41. Rcf8+ Ke6 42. Re8+ Kf5 43. Rd8 Be4+ 44. Kf1 Bf3 0-1